000 01116cab a2200229 4500
001 ABS67517
008 040303n2004 000 0 eng u
035 _a(Sirsi) u125304
100 _aBarraclough, A.
245 _aBenefits of group therapy
260 _c2004
490 _aEstates Gazette
_v(0406) 7 February 2004, 133(1)
520 _aArgues that PFI projects offer many advantages to the private sector but the general processes are often time consuming and costly. Developers may need to look more at the provision of certain services such as facilities management and their costs and take more notice of their clients'priorities. Some measures could be taken to achieve this aim; research could be taken into the design, construction management and operational cycles of projects that have been completed to ascertain true value for money against lowest cost.
590 _aABS
650 _aPFI
650 _aPFI CONTRACTS
650 _aCONTRACT PROCEDURES
650 _aPRIVATE SECTOR
650 _aCOST CONTROL
690 _aMANAGEMENT-BUSINESS MANAGEMENT-FINANCIAL MANAGEMENT
942 _n0
999 _c74218
_d74218